000 00502nam a22001937a 4500
003 CEME
005 20210628202638.0
008 210115b xxu||||| |||| 00| 0 eng d
020 _a9788126553440
040 _cceme
082 _a621.3192 DOR
100 _aDorf, Richard .C Svoboda, James . A
_960878
245 _aIntroduction to electric circuits
250 _a9TH
260 _aNEW DELHI
_bJOHN WILEY
_c2016
300 _aXXIII,872 P
650 _aELECTRIC CIRCUITS
_910997
942 _cBK
_2ddc
999 _c570494
_d570494